000 00613pam a2200217 i 4500
001 1825449
005 20180213031853.0
008 800207s1980 ctu b 001 0 eng
010 _a 80000539
020 _a0313223815 (lib. bdg.)
040 _aDLC
_cDLC
_dDLC
041 _aeng
080 _a190.904
082 0 0 _a190.904 BUR
100 _a24
101 _aFIL
245 0 0 _aHandbook of world philosophy :
_cedited by John R. Burr.
504 _aIncludes bibliographies and indexes.
906 _a7
_bcbc
_corignew
_d1
_eocip
_f19
_gy-gencatlg
942 _2ddc
_cBK
999 _c42322
_d42322